01101cam a2200253 i 4500001000500000005001700005020001500022040002800037050001200065082001200077100005600089245009700145260005000242300006200292490004200354505000800396520026600404521003000670521002000700650001900720650002200739650001900761700006700780411520240607155706.0 a0525447105 aDLCbengerdacDLCdDLC00aPZ7.M6400a823.9121 aMilne, A. A.q(Alan Alexander),d1882-1956,eauthor10aKanga and Baby Roo Come to the Forest /cby A.A. Milne with decorations by Ernest H. Shepard aNew York : bDutton Children's Books ; c1990 a28 unnumbered pages : bcolor illusustrations ;c16 cm .  a The Original Pooh Treasury vBook 5 0 aM  aKanga and Baby Roo are the newest inhabitants of the Hundred Acre Wood, and Rabbit isn't sure he likes it. His plan to capture Baby Roo should set things right, if Piglet can bravely play his part, but it is hard to be brave when you are a very small animal ... a530 bLesxile estimate  aM bRaz-Plus  0aToysvFiction. 0aAnimalsvFiction. 1aToysvFiction.1 aShepard, Ernest H.q(Ernest Howard),d1879-1976,eillustrator.